Finančné zabezpečenie inovačných aktivít MSP diplomová práca

Saved in:
Bibliographic Details
Main Author: Dolhá, Marta
Corporate Author: Podnikovohospodárska fakulta EU so sídlom v Košiciach. Katedra účtovníctva a financií
Other Authors: Bobáková, Viktória
Format: Book
Language:Slovak
Published: Košice 2010
Tags: Add Tag
No Tags, Be the first to tag this record!

MARC

LEADER 00000nam$a2200000$$$4500
001 0122255
005 20240318122138.4
041 0 |a slo 
044 |a SK 
245 1 0 |a Finančné zabezpečenie inovačných aktivít MSP  |b diplomová práca  |c Marta Dolhá ; škol. Viktória Bobáková 
264 1 |a Košice  |c 2010 
300 |a 74 s. 
100 1 |a Dolhá, Marta 
700 1 |a Bobáková, Viktória 
710 2 |a Podnikovohospodárska fakulta EU so sídlom v Košiciach. Katedra účtovníctva a financií